000 00650nam a22001817a 4500
005 20150515124843.0
020 _a97814075583372
_c895.00
035 _aG-003650
037 _aReceived from DB Act Children Books
_bdpl
082 _2912
100 _aKcKey, Liz and others
245 _aThe World Atlas and Encyclopedia
_cby Liz McKey and others
260 _aBath BA1 1HE,
_bParragon
_c2009
270 _aQueen Street,
_bBath BA1 1HE, U K
300 _a336 p.
_bill.
_c32 cm.(HB)
942 _2ddc
_cCH
_h912
_mMCK
999 _c93662
_d93662